[Event "GER-ch U12"]
[Site "Willingen"]
[Date "2003.06.10"]
[Round "6"]
[White "Stelter, Frederik"]
[Black "Mijatovic, Andrea"]
[Result "1/2-1/2"]
[WhiteElo "1157"]
[BlackElo "1408"]
[PlyCount "49"]
[EventDate "2003.06.08"]
[EventType "swiss"]
[EventRounds "11"]
[EventCountry "GER"]
[SourceTitle "CBM 094 Extra"]
[Source "ChessBase"]
[SourceDate "2003.07.09"]
[SourceVersion "2"]
[SourceVersionDate "2003.07.09"]
[SourceQuality "1"]

1. c4 e5 2. Nc3 Nf6 3. g3 d5 4. cxd5 Nxd5 5. Bg2 Nb6 6. Nf3 Nc6 7. 0-0 Be7 8. a3 Be6 9. b4 a6 10. d3 0-0 11. Be3 f5 12. Bd2 Bf6 13. Qc2 Qd7 14. e4 Nd4 15. Nxd4 exd4 16. Ne2 Rab8 17. Nf4 fxe4 18. Nxe6 Qxe6 19. Bxe4 Qd7 20. Bf4 Rf7 21. a4 Nd5 22. Bd2 Re7 23. Bg2 Nc3 24. Bxc3 dxc3 25. Rac1 1/2-1/2

[Event "GER-ch U12"]
[Site "Willingen"]
[Date "2003.06.08"]
[Round "1"]
[White "Stelter, Frederik"]
[Black "Rafiee, Makan"]
[Result "0-1"]
[WhiteElo "1157"]
[BlackElo "1579"]
[PlyCount "70"]
[EventDate "2003.06.08"]
[EventType "swiss"]
[EventRounds "11"]
[EventCountry "GER"]
[SourceTitle "CBM 094 Extra"]
[Source "ChessBase"]
[SourceDate "2003.07.09"]
[SourceVersion "2"]
[SourceVersionDate "2003.07.09"]
[SourceQuality "1"]

1. c4 c5 2. Nc3 Nc6 3. g3 g6 4. Bg2 Bg7 5. Nf3 Nf6 6. 0-0 0-0 7. Rb1 e6 8. a3 d5 9. d3 d4 10. Na2 a5 11. Qc2 Qe7 12. Bd2 a4 13. e3 e5 14. Rfe1 Qc7 15. exd4 exd4 16. Nc1 Bd7 17. b3 axb3 18. Qxb3 Ra7 19. Rb2 Rfa8 20. Bf4 Qa5 21. Bd6 Bg4 22. Kf1 Bh6 23. Rb1 Bxf3 24. Bxf3 Rd8 25. Bxc6 bxc6 26. Be5 Re8 27. f4 Nd7 28. Na2 Qxa3 29. Nc1 Nxe5 30. fxe5 Bxc1 31. Rexc1 Qxb3 32. Rxb3 Rxe5 33. Rb8+ Kg7 34. Rb6 Re6 35. Rbb1 Ra6 0-1

[Event "GER-ch U12"]
[Site "Winterberg"]
[Date "2002.05.23"]
[Round "9"]
[White "Lorenz, Nicole"]
[Black "Stelter, Frederik"]
[Result "1-0"]
[WhiteElo "1219"]
[BlackElo "824"]
[PlyCount "61"]
[EventDate "2002.05.19"]
[EventType "swiss"]
[EventRounds "11"]
[EventCountry "GER"]
[SourceTitle "CBM 088 Extra"]
[Source "ChessBase"]
[SourceDate "2002.07.01"]
[SourceVersion "2"]
[SourceVersionDate "2002.07.01"]
[SourceQuality "1"]

1. d4 d5 2. c4 e6 3. Nf3 Nc6 4. Nc3 Be7 5. e3 Nf6 6. Be2 0-0 7. Bd2 b6 8. 0-0 Ba6 9. cxd5 Bxe2 10. Qxe2 exd5 11. Rac1 Na5 12. Ne5 Bd6 13. Qf3 Be7 14. a3 Nc4 15. Nxc4 dxc4 16. Qc6 Qd7 17. Qxc4 c5 18. Rfd1 cxd4 19. exd4 Rfd8 20. Be3 a6 21. d5 b5 22. Qd4 Rdc8 23. d6 Bf8 24. Bf4 Ne8 25. Nd5 Rxc1 26. Rxc1 Rd8 27. Nb6 Qa7 28. d7 Nf6 29. Rc7 Qb8 30. Rc8 Rxc8 31. dxc8Q 1-0

[Event "GER-ch U12"]
[Site "Winterberg"]
[Date "2002.??.??"]
[Round "1"]
[White "Fischer, Patrick"]
[Black "Stelter, Frederik"]
[Result "1-0"]
[WhiteElo "1438"]
[BlackElo "824"]
[PlyCount "117"]
[EventDate "2002.05.19"]
[EventType "swiss"]
[EventRounds "11"]
[EventCountry "GER"]
[SourceTitle "CBM 088 Extra"]
[Source "ChessBase"]
[SourceDate "2002.07.01"]
[SourceVersion "2"]
[SourceVersionDate "2002.07.01"]
[SourceQuality "1"]

1. e4 e5 2. Nf3 Nc6 3. Bb5 Bc5 4. 0-0 d6 5. h3 Bd7 6. d3 h6 7. c3 a6 8. Ba4 Nf6 9. Be3 Qe7 10. Nbd2 d5 11. Bxc5 Qxc5 12. Bxc6 Bxc6 13. Nxe5 dxe4 14. d4 Qd5 15. Re1 0-0 16. Qc2 Rfe8 17. Re3 Qd6 18. Nxc6 Qxc6 19. Rae1 Qd5 20. b3 Re6 21. Nxe4 Nxe4 22. Rxe4 Rae8 23. Rxe6 Rxe6 24. Rxe6 Qxe6 25. Qd2 c6 26. Qe3 Kh7 27. Qxe6 fxe6 28. Kh2 Kg6 29. Kg3 h5 30. Kf4 Kf6 31. h4 b6 32. c4 c5 33. dxc5 bxc5 34. Ke4 a5 35. f4 g6 36. g3 Kf7 37. Ke5 Ke7 38. a3 Kd7 39. Kf6 Kd6 40. Kxg6 e5 41. Kxh5 e4 42. Kg4 Ke6 43. h5 Kf6 44. h6 Kg6 45. f5+ Kxh6 46. Kf4 e3 47. Kxe3 Kg5 48. g4 Kxg4 49. f6 Kf5 50. f7 Ke5 51. f8Q Ke6 52. Qxc5 Kf6 53. Qd5 Kg6 54. Qe5 Kh6 55. Qg3 Kh5 56. Kf4 Kh6 57. Kf5 Kh7 58. Kf6 a4 59. Qg7# 1-0